Дело по отношению исправляющего должность управляющего делами Кавказского комитета о сообщении заключения, не встречаются ли пре...

Доступно только в Электронных читальных залах Найти на картеНа карте
RUSMARC
00003763nmc2a22002413x 450
0017d06a799-abb0-45df-bbf2-89d69f6ae56a
00520230424184303.0
100##$a20221110l18691869k l0rusy0189 ca
1010#$arus
102##$aRU
105##$ay###
1222#$ad
2001#$aДело по отношению исправляющего должность управляющего делами Кавказского комитета о сообщении заключения, не встречаются ли препятствия к перенесению некоторых расходов из сметы Закавказского края в смету Министерства народного просвещения
$j1 июня - 30 июля 1869 г.
215##$a23 л.
$d36,5х26 см
251##$cДело
300##$aНа обложке указано: "По бухгалтерии"
371##$aДокумент не является опубликованным и широко распространяемым
461#0$1001a74412a3-3cc5-4d21-8f0a-dfe2fbd9e72d
$12001
$aДепартамент народного просвещения Министерства народного просвещения (1803-1917)
$1251
$cФонд
$1852
$j733
462#0$100168ef73bb-909a-4bc7-ae4f-3def6f15d095
$12001
$aСчетный разряд. Сметный стол
$1251
$cОпись
$1852
$j214
801#0$aRU
$bРГИА
$c20221110
$gRCR
801#1$aRU
$bГлавНИВЦ
$c20221110
$2rusmarc
801#2$aRU
$bПБ им. Б.Н. Ельцина
$c20230424
$gRCR
$2rusmarc
850##$aРГИА
852##$aРГИА
$eФедеральное казенное учреждение "Российский государственный исторический архив" (РГИА)
$j25
937##$hРГИА
$d12393943
$aASBIBLIO_SCAN
035##$aRusGRCC00055818
856##$uhttp://readingroom.main.prlib.ru/item.aspx?id_node=n184847300&mode=full
Формат отображения